000 01618nab a22002657a 4500
999 _c6523
_d6523
003 OSt
005 20260219122420.0
008 190429b xxu||||| |||| 00| 0 spa d
040 _cPJ
100 _92801
_aDe Luca, Javier Augusto
245 1 0 _aPerspectiva de género en casos de abusos sexuales /
_cJavier A. De Luca, Florencia B. Canese Millo.
260 _cCiudad Autónoma de Buenos Aires :
_aThomson Reuters La Ley,
_b2024.
300 _ap. 39-52
500 _aCita: TR LALEY AR/DOC/1701/2024
505 _aSumario: I. Introducción.— II. Punto de partida: breve referencia al marco convencional y constitucional aplicable.— III. La debida diligencia reforzada para evitar la revictimización de la mujer víctima de violencia de género durante el proceso penal. Mecanismos procesales pertinentes: la conveniencia de la utilización de la Cámara Gesell.— IV. La debida diligencia reforzada en su matiz del deber de valorar la prueba con perspectiva de género.— V. Conclusiones.
505 _aFallo comentado: Trib. Impugnación Penal, Santa Rosa, Sala B ~ 26/04/2024 ~ M. M., C. G. s/ recurso de impugnación.
505 _tSi te interesa el texto completo, solicitalo a koha@justierradelfuego.gov.ar
650 0 _9343
_aDERECHO PENAL
650 0 _94044
_aPERSPECTIVA DE GÉNERO
650 0 _92903
_aABUSO SEXUAL
650 0 _91977
_aAPRECIACION DE LA PRUEBA
700 _97127
_aCanese Millo, Florencia B.
773 0 _02658
_93164
_tRevista de derecho penal y criminología. Nº 8 - Agosto 2024
_dCiudad Autónoma de Buenos Aires : Thomson Reuters La Ley, 2017-
_x00347914
942 _2udc
_cANA